• 首页
  • 本馆介绍
  • 公告通知
  • 最新文献
  • 馆藏检索
  • 电子资源
  • 读者导购
  • 参考咨询
  • 我的图书馆
  • 登录
  • 详细信息显示
  • 放入我的书架
  • 预约/预借图书
  • 作者相关作品
  • 分类相关作品
  • 丛书相关作品
  • 出版社相关作品

书目信息

  • 表格格式
  • 工作单格式
  • 卡片格式
题名:
跳动的火焰
    
 
作者: 李心田 著
分册:  
出版信息: 北京   人民文学出版社  1980
页数: 237页
开本: 19cm
丛书名:
单 册:
中图分类: I287.45 , I247.5
科图分类:
主题词: 儿童文学-长篇小说--中国--现代 , 长篇小说-儿童文学--中国--现代 , 小说--中国
电子资源:
ISBN:
000 00687nam0 2200253 450
001 1558721468
005 20150120161910.15
010    @dCNY0.58
091    @a10019.2976
100    @a19950623d1980 demy0chiy0110 ea
101 0  @achi
102    @aCN@b110000
105    @af z 000ay
200 1  @a跳动的火焰@9tiao dong de huo yan@f李心田著
210    @a北京@c人民文学出版社@d1980
215    @a237页@c插图@d19cm
606 0  @a儿童文学-长篇小说@y中国@z现代
606 0  @a长篇小说-儿童文学@y中国@z现代
606 0  @a小说@x中国
690    @aI287.45@v5
690    @aI247.5@v4
701  0 @a李心田@9li xin tian@f(1929~)@4著
801  0 @aCN@bTSSF@c20150120
905    @aZUCC@dI247.5@eJY26
    
    跳动的火焰/李心田著.-北京:人民文学出版社,1980
    237页:插图;19cm
    
    
    ISBN :CNY0.58
    
●
相关链接 在E读中查询图书 在五车中查询图书 在当当中查询图书 在豆瓣中查询图书


正题名:跳动的火焰     索取号:I247.5/JY26         预约/预借

序号 登录号 条形码 馆藏地/架位号 状态 备注
1 7850284   278502844   学院路分馆/ [索取号:I247.5/JY26] 在馆    
2 7850285   278502853   学院路分馆/ [索取号:I247.5/JY26] 在馆    
唐山师范学院图书馆 欢迎您!
大连网信软件有限公司© 版权所有